00585nam a2200169Ia 4500008004100000100001900041245008700060245006400147260000900211300002300220440004500243500001100288650004700299650002700346650001800373650002400391170725s9999 xx 000 0 und d aTeemu Karvonen aSystematic literature review on the impacts of agile release engineering practices cTeemu Karvonen, Woubshet Behutiye, Markku Oivo, Pasi Kuvaja c2017 apages 87-100, June aInformation and software technologyv86: aCJ0031 aContinuous delivery; Continuous deployment aContinuous integration aRapid release aRelease engineering